| 000 | 01127nabaa22002177a 4500 | ||
|---|---|---|---|
| 999 |
_c6149 _d6149 |
||
| 003 | OSt | ||
| 005 | 20260123001206.0 | ||
| 008 | 190701b xxu||||| |||| 00| 0 spa d | ||
| 040 | _cPJ | ||
| 100 |
_96901 _aFernández Arrojo, Joaquín Alejo |
||
| 245 | 1 | 0 |
_a¿Es el Congreso la clave para lograr estabilidad monetaria? / _cJoaquín Alejo Fernández Arrojo. |
| 300 | _ap. 140-159 | ||
| 505 | _aSumario: I. Introducción.— II. El rol del Congreso y el régimen constitucional de la moneda.— III. El control legislativo luego de la reforma de 1994.— IV. El poder de policía y la doctrina de la emergencia económica.— V. Una mirada interdisciplinaria desde la economía.— VI. Propuestas.— VII. Conclusiones. | ||
| 505 | _t¿Te interesa el texto completo? Comunicate al correo: koha@justierradelfuego.gov.ar | ||
| 650 | 0 |
_9211 _aDERECHO ADMINISTRATIVO |
|
| 650 | 0 |
_9186 _aPODER LEGISLATIVO |
|
| 650 | 0 |
_93385 _aPOLITICA ECONOMICA |
|
| 650 | 0 |
_93550 _aMONEDA |
|
| 773 | 0 |
_02842 _93251 _dBuenos Aires : AbeledoPerrot, 2012- _oDA121 _tDerecho administrativo. Nº 150 noviembre/diciembre 2023 _z18510590 |
|
| 942 |
_2udc _cANA |
||